| 000 | 00619nam a2200241Ia 4500 | ||
|---|---|---|---|
| 008 | 160803s9999 xx 000 0 und d | ||
| 020 | _a0 590623575 | ||
| 100 | _aJames, Simon | ||
| 245 | _aDear Mr. Blueberry / | ||
| 245 | _cSimon James. | ||
| 260 | _aNew York : | ||
| 260 | _bScholastic Inc. | ||
| 260 | _c1991 | ||
| 300 | _a24 pages : | ||
| 300 | _bcolor illustrations ; | ||
| 300 | _c22 x 23 cm | ||
| 500 | _aOriginally published: New York : Macmillan Publishing Company, c1991. | ||
| 650 | _aLetters -- | ||
| 650 | _aWhales -- | ||
| 650 | _xFiction. | ||
| 650 | _xFiction. | ||
| 700 | _a660 | ||
| 999 |
_c299179 _d299179 |
||